01846nam a22002657a 4500952009900000952009600099999001900195008004100214020001800255050001800273082002000291100004300311245018700354260005300541300004000594500002400634504003200658505052500690519013101215519013101346650002801477650003401505650002901539942001201568 00102lcc4070a09b09d2017-08-08l0oKGF5402 O775p09 004778r2017-08-08t1w2017-08-08yLB 00104070a15b15d2018-04-30l0o345.7205 Or82ep15 008737r2018-04-30t1w2018-04-30yLB c102419d102419161014s2016 mx a|||| |||| 00| 0 spa d a9786076103845 aKGF5402bO775 a345.7205bOr82e1 aOrtíz Ruíz, José Alberto eautor aLa etapa intermedia y la teoría del casob: en el contexto del Código Nacional de Procedimiento Penales : el éxito o el fracaso del Juicio Oralc/ José Alberto Ortíz Ruíz aMéxicob: Flores Editor y Distribuidorc, 2016 axiv, 311 páginasb: ilustraciones aIncluye: Formulario aBibliografía (pp.309-311) aPrincipios generales del sistema acusatorio en la etapa intermedia ¿Qué es la etapa intermedia y por qué es tan importante en el proceso penal acusatorio? Etapa intermedia, los medios de prueba y la teoría del caso Planteamiento de la teoría del caso en la etapa intermedia Investigación del delito y teoría del caso Teoría del caso y las siete preguntas de oro La teoría del delito y su relación la teoría del caso Técnicas de entrevista para el desarrollo de la investigación de campo aPlan Flexible / bMaestría en Juicios Orales / cLa Investigación Formalizada y la Fase Intermedia (P02-3) / d(09 004778) aPlan Flexible / bMaestría en Juicios Orales / cLa Investigación Formalizada y la Fase Intermedia (P02-3) / d(15 008737)14aDERECHO PENALzMÉXICO24aPROCEDIMIENTO PENALzMÉXICO24aJUICIOS ORALESzMÉXICO cLB2lcc